HYDRODYNAMICS (Record no. 12327)
[ view plain ]
| 000 -LEADER | |
|---|---|
| fixed length control field | 00382cam a2200169ua 4500 |
| 008 - FIXED-LENGTH DATA ELEMENTS--GENERAL INFORMATION | |
| fixed length control field | 120119n1997 II |||gr||||Z||||||eng |
| 040 ## - CATALOGING SOURCE | |
| Original cataloging agency | MAIN |
| 041 ## - LANGUAGE CODE | |
| -- | English |
| 082 ## - DEWEY DECIMAL CLASSIFICATION NUMBER | |
| Classification number | 532.5 SWA |
| 100 ## - MAIN ENTRY--PERSONAL NAME | |
| Personal name | SWARUP, SHANTI. |
| 245 ## - TITLE STATEMENT | |
| Title | HYDRODYNAMICS |
| 250 ## - EDITION STATEMENT | |
| Edition statement | 12TH. |
| 260 ## - PUBLICATION, DISTRIBUTION, ETC. | |
| Place of publication, distribution, etc. | MEERUT |
| Name of publisher, distributor, etc. | KRISHNA PRAKASHAN MANDIR |
| Date of publication, distribution, etc. | 1997 |
| 300 ## - PHYSICAL DESCRIPTION | |
| Extent | 535.: |
| Dimensions | 25CM. |
| 942 ## - ADDED ENTRY ELEMENTS (KOHA) | |
| Koha item type | Books |
| Withdrawn status | Lost status | Damaged status | Not for loan | Collection code | Home library | Current library | Shelving location | Date acquired | Full call number | Barcode | Date last seen | Copy number | Price effective from | Koha item type | Public note |
|---|---|---|---|---|---|---|---|---|---|---|---|---|---|---|---|
| TBPHY | Central Library and Information Centre Sibsagar Girls College | Central Library and Information Centre Sibsagar Girls College | PHYSICS BOOK RACK | 24.04.2002 | 532.5 SWA | 17973 | 27.02.2020 | 1 | 27.02.2020 | Books | V | ||||
| TBPHY | Central Library and Information Centre Sibsagar Girls College | Central Library and Information Centre Sibsagar Girls College | PHYSICS BOOK RACK | 24.04.2002 | 532.5 SWA | 17974 | 27.02.2020 | 2 | 27.02.2020 | Books | V |